Ligne 7 bis du métro parisien - Statistiques

Statistiques générales
  • Ce quiz a été pris 112 fois
  • Le résultat moyen est 6 sur 8
Statistiques - réponses
Correspondances Réponse % Correct
Ligne 7 Louis Blanc
94%
Lignes 2 et 5 Jaurès
91%
Ligne 11 Place des Fêtes
91%
Buttes Chaumont
82%
Botzaris
76%
Bolivar
72%
Tram 3b Pré Saint-Gervais
72%
Danube
69%
Aucun quiz correspondant
Distribution des résultats
% des personnes avec chaque résultat
Percentile par nombre de réponses
Votre historique - résultats
Vous n’avez pas pris ce quiz